Loading...
Science - Chemistry | 0 | 7 | 1 | 0 | 65 | 54 | 89.86 | 0 | 3 |
History - European History | 0 | 5 | 0 | 3 | 50 | 117 | 136.80 | 0 | 0 |
History - American History | 0 | 3 | 0 | 2 | 30 | 116 | 135.33 | 0 | 0 |
History - Other History | 0 | 3 | 1 | 1 | 25 | 85 | 105.67 | 0 | 1 |
Science - Biology | 0 | 4 | 3 | 0 | 25 | 73 | 94.75 | 0 | 2 |
Current Events | 0 | 2 | 0 | 1 | 20 | 99 | 113.00 | 0 | 0 |
Fine Arts - Painting & Sculpture | 0 | 2 | 0 | 0 | 20 | 119 | 130.50 | 0 | 1 |
Philosophy | 0 | 2 | 0 | 1 | 20 | 87 | 117.00 | 0 | 1 |
Science - Physics | 0 | 3 | 2 | 0 | 20 | 35 | 85.00 | 1 | 2 |
Science - Other Science | 0 | 2 | 1 | 0 | 15 | 113 | 117.00 | 0 | 0 |
Literature - European Literature | 0 | 1 | 0 | 0 | 10 | 128 | 128.00 | 0 | 0 |
Religion | 0 | 1 | 0 | 1 | 10 | 149 | 149.00 | 0 | 0 |
Geography | 0 | 1 | 0 | 1 | 10 | 149 | 149.00 | 0 | 0 |
Fine Arts - Other Fine Arts | 0 | 1 | 0 | 1 | 10 | 154 | 154.00 | 0 | 0 |
Literature - American Literature | 0 | 1 | 1 | 0 | 5 | 65 | 65.00 | 0 | 1 |
Mythology | 0 | 0 | 0 | 0 | 0 | 0.00 | 0 | 0 | |
Other Academic | 0 | 0 | 1 | 0 | -5 | 0.00 | 0 | 0 | |
Literature - World Literature | 0 | 0 | 1 | 0 | -5 | 0.00 | 0 | 0 |